000 00673nam a2200229 a 4500
999 _c1344
_d1344
001 1344
003 BD-JhCC
005 20171019095316.0
008 171018s2008 bg |||| |||| 001 0 ben d
020 _a9840746901
035 _a(BD-JhCC)1344
040 _aBD-JhCC
_dBD-JhCC
041 _aeng
082 _a589.2954
_bKHA 2008
100 _aখান, রেজা
245 _aবাংলাদেশের পাখি /
_c ড. রেজা খান
260 _aঢাকা:
_bবাংলা একাডেমী,
_c২০০৮.
300 _a৩৮৪ পৃ .:
_c২১ সেমি.
650 _aBirds
_zSouth Asia
942 _2ddc
_cBK